000 00770nam a2200229Ii 4500
003 JO-AjNU
008 230605s9999||||xx |||||||||||||| ||und||
017 _a1993/9/1042
020 _a9957-16-118-0
040 _aJO-AjNU
_bara
_erda
_cJO-AjNU
041 _aara
050 1 4 _aK155.F3764.2011
100 3 _a الفار ، عبد القادر ,
_eauthor
_931202
245 0 0 _aالمدخل لدراسة العلوم القانونية : مبادئ القانون -- النظرية العامة للحق
250 _aط13
264 3 1 _aعمان : دار الثقافة ، 2011
300 _a240ص
336 _atext
_btxt
_2rdacontent
337 _aunmediated
_bn
_2rdamedia
338 _avolume
_bnc
_2rdacarrier
650 4 _aالقانون المدني
_931203
999 _aA12455
_c16023
_d16023